LEADER 06376nam 2201033 450 001 9910477144403321 005 20240103090522.0 024 7 $a10.61201/tup.737 035 $a(CKB)5470000000568498 035 $a(NjHacI)995470000000568498 035 $a(EXLCZ)995470000000568498 100 $a20230513d2020 ky 0 101 0 $afin 135 $aur||||||||||| 181 $ctxt$2rdacontent 182 $cc$2rdamedia 183 $acr$2rdacarrier 200 00$aElämää sinnittelevässä pikkukaupungissa $evarkautelaisten arki ja hyvinvointi /$ftoimittaneet Vilma Hänninen, Antti Kouvo & Pekka Kuusela 210 1$aTampere, Finland :$cTampere University Press,$d[2020] 215 $a1 verkkoaineisto (319 sivua) $ckuvitettu 300 $aVertaisarvioitu. 300 $aRefereed. 300 $aPeer-reviewed. 311 08$aPainettu: 9789523590250 320 $aSisältää bibliografisia viitteitä. 330 $aTa?ssa? kymmenesta? artikkelista koostuvassa kokoomateoksessa tarkastellaan Varkautta rakennemuutoksen kanssa kamppailevana pienena? kaupunkina historiallisia dokumentteja seka? vuosina 2016-2017 kera?ttyja? kysely- ja haastatteluaineistoa hyo?dynta?en. Pitka?n teollisuushistorian omaava Varkauden kaupunki on ta?ma?n vuosituhannen ensimma?isina? vuosikymmenina? menetta?nyt suuren osan teollisista tyo?paikoistaan ja sen va?esto? on supistunut voimakkaasti. Kuitenkin koko aikuisva?esto?a? edustava kysely kertoo, etta? varkautelaiset ovat tyypillisesti tyytyva?isia? tyo?ho?nsa?, sosiaalisiin suhteisiinsa ja ela?ma?a?nsa? muutenkin. Varkaus na?hda?a?n turvallisena ja hyva?n ela?ma?n puitteet tarjoavana asuinpaikkana. Hyvinvoinnin ta?rkeita? osatekijo?ita? ovat parisuhde ja muut sosiaaliset suhteet. Hyvinvoinnin puutteet liittyva?t tyo?tto?myyteen, pienituloisuuteen seka? ulkopuolisuuden tunteisiin suhteessa asuinpaikkaan. Nuoret aikuiset arvostavat omaa asuinpaikkakuntaansa seka? perhe- ja sukulaisuussuhteitaan, mutta arkiela?ma?a?n liittyy ja?nnitteita? tyo?n ja toimeentulon osalta. Varkauden rauhallisuutta ja luonnonla?heisyytta? arvostetaan, mutta monet toivoivat silta? myo?s enemma?n kaupunkimaista syketta?. 330 $aThe ten articles in this edited volume examine the city of Varkaus as a small city struggling with structural change using historical documents as well as survey and interview data. The city of Varkaus, which has a long industrial history, has lost a large part of its industrial jobs in the first decades of this millennium and its population has fallen sharply in recent years. However, a survey of the adult population shows that the inhabitants of Varkaus are typically satisfied with their work, with their social relationships and their lives in general. Varkaus is seen as a safe and good living environment. A central element of well-being is couple relationship, as well as other social relationships. The lack of well-being often stems from unemployment, low income and feelings of not belonging to the place of residence. Young adults value their place of residence as well as their family relationships, but there are tensions in their life regarding work and income. The tranquility and proximity to nature of Varkaus are appreciated, but there are also many who long for more urban heartbeat in their hometown. 606 $apikkukaupungit$3http://www.yso.fi/onto/yso/p12059$2yso/fin 606 $ateollisuuskaupungit$3http://www.yso.fi/onto/yso/p27629$2yso/fin 606 $aarki$3http://www.yso.fi/onto/yso/p22039$2yso/fin 606 $asosiaaliset suhteet$3http://www.yso.fi/onto/yso/p411$2yso/fin 606 $atyöelämä$3http://www.yso.fi/onto/yso/p16262$2yso/fin 606 $aperhesuhteet$3http://www.yso.fi/onto/yso/p16436$2yso/fin 606 $akaupunkiväestö$3http://www.yso.fi/onto/yso/p18766$2yso/fin 606 $ahyvinvointi$3http://www.yso.fi/onto/yso/p1947$2yso/fin 606 $akoettu hyvinvointi$3http://www.yso.fi/onto/yso/p30522$2yso/fin 606 $anuoret aikuiset$3http://www.yso.fi/onto/yso/p15979$2yso/fin 606 $akaupunkisosiologia$3http://www.yso.fi/onto/yso/p330$2yso/fin 606 $akaupunkitutkimus$3http://www.yso.fi/onto/yso/p16330$2yso/fin 606 $asmåstäder$3http://www.yso.fi/onto/yso/p12059$2yso/swe 606 $aindustristäder$3http://www.yso.fi/onto/yso/p27629$2yso/swe 606 $avardag$3http://www.yso.fi/onto/yso/p22039$2yso/swe 606 $asociala relationer$3http://www.yso.fi/onto/yso/p411$2yso/swe 606 $aarbetsliv$3http://www.yso.fi/onto/yso/p16262$2yso/swe 606 $afamiljeförhållanden$3http://www.yso.fi/onto/yso/p16436$2yso/swe 606 $astadsbefolkning$3http://www.yso.fi/onto/yso/p18766$2yso/swe 606 $avälfärd$3http://www.yso.fi/onto/yso/p1947$2yso/swe 606 $aupplevt välbefinnande$3http://www.yso.fi/onto/yso/p30522$2yso/swe 606 $aunga vuxna$3http://www.yso.fi/onto/yso/p15979$2yso/swe 606 $aurban sociologi$3http://www.yso.fi/onto/yso/p330$2yso/swe 606 $astadsforskning$3http://www.yso.fi/onto/yso/p16330$2yso/swe 607 $aVarkaus (kaupunki)$2yso/fin 607 $aVarkaus$2yso/swe 615 7$apikkukaupungit. 615 7$ateollisuuskaupungit. 615 7$aarki. 615 7$asosiaaliset suhteet. 615 7$atyöelämä. 615 7$aperhesuhteet. 615 7$akaupunkiväestö. 615 7$ahyvinvointi. 615 7$akoettu hyvinvointi. 615 7$anuoret aikuiset. 615 7$akaupunkisosiologia. 615 7$akaupunkitutkimus. 615 7$asmåstäder. 615 7$aindustristäder. 615 7$avardag. 615 7$asociala relationer. 615 7$aarbetsliv. 615 7$afamiljeförhållanden. 615 7$astadsbefolkning. 615 7$avälfärd. 615 7$aupplevt välbefinnande. 615 7$aunga vuxna. 615 7$aurban sociologi. 615 7$astadsforskning. 676 $a658.4 702 $aHänninen$b Vilma$f1954- 702 $aKouvo$b Antti 702 $aKuusela$b Pekka 712 02$aTampere University Press, 801 0$bNjHacI 801 1$bNjHacl 801 2$bFI-Hul 906 $aBOOK 912 $a9910477144403321 996 $aEla?ma?a? sinnitteleva?ssa? pikkukaupungissa$93364176 997 $aUNINA LEADER 01962oas 2200685 a 450 001 9910146133803321 005 20250922213015.0 035 $a(DE-599)ZDB2736769-1 035 $a(OCoLC)77079046 035 $a(CONSER) 2009247535 035 $a(CKB)954927712306 035 $a(EXLCZ)99954927712306 100 $a20061219b19852006 sy 101 0 $aeng 135 $aurun||||||||| 181 $ctxt$2rdacontent 182 $cc$2rdamedia 183 $acr$2rdacarrier 200 10$aEDTNA/ERCA journal $eofficial journal of the European Dialysis and Transplant Nurses Association, European Renal Care Association 210 $aGhent, Belgium $cF-Twee Publishers 300 $aRefereed/Peer-reviewed 311 08$a1019-083X 606 $aKidneys$xDiseases$xNursing$vPeriodicals 606 $aKidney Diseases$xnursing 606 $aRenal Replacement Therapy$xnursing 606 $aKidneys$xDiseases$xNursing$2fast$3(OCoLC)fst00987404 606 $aNefrologia$2thub 606 $aMalalties del ronyó$2thub 608 $aPeriodical. 608 $aPeriodicals.$2fast 608 $aPeriodicals.$2lcgft 608 $aRevistes electròniques.$2thub 615 0$aKidneys$xDiseases$xNursing 615 02$aKidney Diseases$xnursing. 615 02$aRenal Replacement Therapy$xnursing. 615 7$aKidneys$xDiseases$xNursing. 615 7$aNefrologia. 615 7$aMalalties del ronyó. 712 02$aEuropean Dialysis and Transplant Nurses Association--European Renal Care Association 801 0$bOCLCS 801 1$bOCLCS 801 2$bOCLCS 801 2$bBUF 801 2$bOCLCQ 801 2$bOCLCF 801 2$bOCLCQ 801 2$bXFH 801 2$bEZC 801 2$bOCLCO 801 2$bSTF 801 2$bSRU 801 2$bOCLCQ 801 2$bOCLCO 801 2$bORU 801 2$bSXB 801 2$bOCLCL 906 $aJOURNAL 912 $a9910146133803321 996 $aEDTNA$92030990 997 $aUNINA